| 000 | 00405nam a2200181Ia 4500 | ||
|---|---|---|---|
| 005 | 20240823054050.0 | ||
| 008 | 240823s9999||||xx |||||||||||||| ||und|| | ||
| 041 | _aENGLISH | ||
| 082 | _A791.4572 Q4 | ||
| 100 | _aWilliam Shakespeare | ||
| 245 | 0 | _aKing Lear | |
| 250 | _a1st | ||
| 260 |
_c2014 _bSurjeet Publica |
||
| 500 | _aYES | ||
| 650 |
_aKing Lear _bGeneral |
||
| 942 | _cBK | ||
| 999 |
_c225595 _d225595 |
||